Países con más mezquitas - Estadísticas

Estadísticas generales
  • Esta prueba ha sido intentada 23 veces
  • La puntuación promedio es 8 de 10
Estadísticas de respuestas
Continente Nº total Países % Correcto
110.000 Egipto
95%
65.000 Irán
95%
300.000 Arabia Saudí
90%
25.000 Argelia
81%
78.000 Sudán
81%
85.000 Turquía
81%
350.000 India
76%
350.000 Banglades
67%
275.000 Pakistán
67%
. 800.000 Indonesia
57%
No se encontraron pruebas coincidentes
Distribución de puntuación
Porcentaje de gente con cada puntuación
Porcentaje por número respondido
Historial de tus puntuaciones
No has intentado esta prueba.